Martin célèbres - Statistiques

Statistiques générales
  • Ce quiz a été pris 690 fois
  • Le résultat moyen est 4 sur 7
Statistiques - réponses
Descriptif Réponse % Correct
"I have a dream". Luther King
96%
Réformateur de l'Église, père du Protestantisme. Luther
91%
Biathlète français quintuple champion olympique et treize fois champion du monde. Fourcade
81%
Réalisateur italo-américain, reconnu notamment pour ses films Taxi Driver, Raging Bull, Les Affranchis, Les Infiltrés ou encore Le Loup de Wall Street. Scorsese
76%
DJ néerlandais notamment reconnu mondialement avec son titre Animals. Garrix
59%
Philosophe allemand influent du XXème siècle, auteur notamment des ouvrages Être et Temps, Apports à la philosophie : De l'Avenance et Lettre sur l'humanisme. Heidegger
15%
Huitième président des États-Unis, de 1837 à 1841. Van Buren
10%
Aucun quiz correspondant
Distribution des résultats
% des personnes avec chaque résultat
Percentile par nombre de réponses
Votre historique - résultats
Vous n’avez pas pris ce quiz